Southville International School and Colleges
Your cart is empty.
  • Cart
  • Lists
    Public lists Eva Luna New books Lux_list list_1
    Your lists Log in to create your own lists
  • Log in to your account
  • Your cookies
  • Search history
Southville International School and Colleges
  • Advanced search
  • Recent comments
  • Most popular
  • Libraries

Log in to your account

Log in with GOOGLE


If you do not have an external account, but do have a local account, you can still log in:

  1. Home
  2. MARC view: A busy week :
Normal view MARC view ISBD view

A busy week : (Record no. 288484)

[ view plain ]
MARC details
000 -LEADER
fixed length control field 00727nam a2200241 a 4500
001 - CONTROL NUMBER
control field 3349491
003 - CONTROL NUMBER IDENTIFIER
control field PILC
005 - DATE AND TIME OF LATEST TRANSACTION
control field 20150825144443.0
008 - FIXED-LENGTH DATA ELEMENTS--GENERAL INFORMATION
fixed length control field 860514s1985 si a 000 1 eng
010 ## - LIBRARY OF CONGRESS CONTROL NUMBER
LC control number 85941326
020 ## - INTERNATIONAL STANDARD BOOK NUMBER
International Standard Book Number 9971640732 (pbk.)
040 ## - CATALOGING SOURCE
Original cataloging agency DLC
Transcribing agency DLC
Modifying agency DLC
050 00 - LIBRARY OF CONGRESS CALL NUMBER
Classification number PR 9570.S53
Item number .Sm584 1985
082 00 - DEWEY DECIMAL CLASSIFICATION NUMBER
Classification number 823
100 1# - MAIN ENTRY--PERSONAL NAME
Personal name Smithies, Michael,
Dates associated with a name 1932-
245 12 - TITLE STATEMENT
Title A busy week :
Remainder of title tales from today's Thailand /
Statement of responsibility, etc Michael Smithies.
260 ## - PUBLICATION, DISTRIBUTION, ETC. (IMPRINT)
Place of publication, distribution, etc Singapore :
Name of publisher, distributor, etc Heinemann Asia,
Date of publication, distribution, etc 1985.
300 ## - PHYSICAL DESCRIPTION
Extent 118 pages :
Other physical details illustrations ;
Dimensions 18 cm.
440 #0 - SERIES STATEMENT/ADDED ENTRY--TITLE
Title Writing in Asia series
651 #0 - SUBJECT ADDED ENTRY--GEOGRAPHIC NAME
Geographic name Bangkok (Thailand)
General subdivision Fiction.
906 ## - LOCAL DATA ELEMENT F, LDF (RLIN)
a 7
b cbc
c orignew
d 4
e ncip
f 19
g y-gencatlg
942 ## - ADDED ENTRY ELEMENTS (KOHA)
Source of classification or shelving scheme Library of Congress Classification
Koha item type Books
Call number prefix Foreign
Holdings
Withdrawn status Lost status Source of classification or shelving scheme Damaged status Home library Current library Shelving location Date acquired Source of acquisition Total Checkouts Full call number Barcode Date last seen Price effective from Koha item type
    Library of Congress Classification   Archives Archives   08/25/2015 Donation   PR 9570.S53 .Sm584 1985 C19782 05/15/2018 08/25/2015 Books

A busy week :

APA

Smithies M., . (1985). A busy week. Singapore: Heinemann Asia.

Chicago

Smithies Michael, . 1985. A busy week. Singapore: Heinemann Asia.

Harvard

Smithies M., . (1985). A busy week. Singapore: Heinemann Asia.

MLA

Smithies Michael, . A busy week. Singapore: Heinemann Asia. 1985.

  • Place hold
  • Print
  • Cite
  • Add to your cart (remove)
  • Save record
    BIBTEX Dublin Core MARCXML MARC (non-Unicode/MARC-8) MARC (Unicode/UTF-8) MARC (Unicode/UTF-8, Standard) MODS (XML) RIS
  • More searches
    Search for this title in:
    Other Libraries (WorldCat) Other Databases (Google Scholar) Online Stores (Bookfinder.com) Open Library (openlibrary.org)

Exporting to Dublin Core...

SOUTHVILLE LIBRARY

Southville International School and Colleges Library

1281 Tropical Ave. Cor. Luxembourg St., BF Homes International, Las Pinas City

Tel. No. 8256374 / 252358 Loc. 117/146

Powered by Koha